Homestuck Answer Chain #2 - Statistics

General Stats
  • This quiz has been taken 27 times
  • The average score is 19 of 57
Answer Stats
Hint Answer % Correct
Destroys the beta trolls' in the first appearance of the now-famous song Megalovania Bec Noir
100%
Alternate universe version of the previous Spades Slick
80%
Alternate universe version of the previous Bro
70%
Server player of the previous Dave
70%
Provided a somewhat unwanted sparring partner for the previous Dirk
70%
Gave the previous a hand--or, well, you know what I mean Equius
70%
Stole the previous' book Grandpa
70%
Ectobiological sibling of the previous Jade
70%
Alternate universe version of the previous Jake
70%
Was guided to god-tiering by the previous John
70%
Had same session role as the previous Kanaya
70%
Is together with the previous Nepeta
70%
Very close/madly in love with the previous Rose
70%
Had a rap session with the previous Tavros
70%
Used to be together with the previous Terezi
70%
Used to be on a team with the previous Vriska
70%
Guardian of the previous Colonel Sassacre
60%
Received their copy of the game from the previous Jane
60%
Bonded with the previous through Pesterchum before the Scratch Jaspersprite
60%
Their exile is the previous Karkat
60%
Alternate universe version of the previous Nanna
60%
Was the custodian of the previous for years/3 days depending on the universe Roxy
60%
Teamed up with the previous in their last fight Davesprite
50%
Morphed part of the previous Becquerel
30%
Short-lived friend of the previous Jadesprite
30%
Their murder was egged on/incited by the previous Aradia
20%
Same kind of being as the previous Doc Scratch
20%
Got beat up and mocked by, then later KO'd, the previous Eridan
20%
Used to be together with the previous Feferi
20%
Used to be together with the previous Sollux
20%
Ancestor of the previous the Condesce
20%
Descendant of the previous Gamzee
10%
Noise made by the previous Glub
10%
Planet where the previous are trapped beneath clouds Land of Wind and Shade
10%
Is together with the previous Latula
10%
Was prosecuted by the previous Marquise Spinneret Mindfang
10%
Alternate universe version of the previous Mituna
10%
Alternate universe version of the previous Neophyte Redglare
10%
Rivals with the previous Orphaner Dualscar
10%
Consorts native to the previous Salamanders
10%
Killed the previous the Grand Highblood
10%
Was used by the previous to power their expansion the Psiioniic
10%
Killed the previous Bec Noir
0%
Is the previous to Jegbert Dad
0%
Species of the previous Firefly
0%
Extremely powerful being who must be appeased so they never make the previous sound Gl'bgolyb/Glub Glub
0%
Worshipped by the previous Lord English
0%
What the previous eats Lusi
0%
Was (briefly) together with the previous Mom
0%
Inherits the title of the previous Parcel Mistress/Peregrine Mendicate
0%
Human version of the previous Parents
0%
Used by the previous to take on their new form Queen's ring
0%
Cross-species friend of the previous Serenity
0%
Out-of-place member of the previous Snowman/the Black Queen
0%
Organization loyal to the previous the Felt
0%
Counterpart of the previous the White Queen/Windswept Questant
0%
Long-time custodian of the previous Warweary Villein/Wayward Vagabond/the Mayor
0%
No matching quizzes found
Score Distribution
Percent of People with Each Score
Percentile by Number Answered
Your Score History
You have not taken this quiz